| 000 | 00487cam a2200193ua 4500 | ||
|---|---|---|---|
| 020 |
_a81-86321-16-0 _c175.00 |
||
| 041 |
_aeng _h |
||
| 082 |
_a604.2 _bMUT/EN |
||
| 100 | _aMathur, M L. | ||
| 245 |
_aEngineering drawing and graphics / _cM L Mathur. _hTextual Documents |
||
| 250 |
_a2 / _b. |
||
| 260 |
_aNew Delhi : _bJain Brothers , _c1999. |
||
| 300 | _a950 ; . | ||
| 365 | _a175.00 | ||
| 504 | _a | ||
| 700 | 1 | _aVaishwanar, R S . | |
| 942 | _cBK | ||
| 999 |
_c7443 _d7443 |
||